Vista normal
Vista MARC
Entrada Personal Name
Número de registros utilizados en: 3
001 - CONTROL NUMBER
- control field: 17486
003 - CONTROL NUMBER IDENTIFIER
- control field: DLC
005 - DATE AND TIME OF LATEST TRANSACTION
- control field: 20250922120805.0
008 - FIXED-LENGTH DATA ELEMENTS
- fixed length control field: 090309n| azannaabn |a aaa c
010 ## - LIBRARY OF CONGRESS CONTROL NUMBER
- LC control number: no2009035682
035 ## - SYSTEM CONTROL NUMBER
- System control number: (OCoLC)oca08037656
035 ## - SYSTEM CONTROL NUMBER
- System control number: (CaEvSKY)skya8759893
040 ## - CATALOGING SOURCE
- Original cataloging agency: NjP
- Language of cataloging: spa
- Description conventions: rda
- Transcribing agency: Mx-PuUPA
- Modifying agency: DLC
- Modifying agency: MX-MxCID
- Modifying agency: Mx-PuUPA
100 1# - HEADING--PERSONAL NAME
- Personal name: Ayala Martínez, Citlali,
370 ## - ASSOCIATED PLACE
- Associated country: México
- Associated country: Spain
- Source of term: naf
372 ## - FIELD OF ACTIVITY
- Field of activity: Cooperación internacional
- Source of term: lcsh
373 ## - ASSOCIATED GROUP
- Associated group: Instituto de Investigaciones Dr. José María Luis Mora
- Associated group: Universidad del País Vasco
- Source of term: naf
374 ## - OCCUPATION
- Occupation: Profesora
- Occupation: Investigadora
- Occupation: Autora
375 ## - GENDER
- Gender: mujer
- Source of term: lcdgt
400 1# - SEE FROM TRACING--PERSONAL NAME
- Personal name: Martínez, Citlali Ayala
400 1# - SEE FROM TRACING--PERSONAL NAME
- Personal name: Ayala, Citlali
670 ## - SOURCE DATA FOUND
- Source citation: Construyendo los temas clave de la cooperación internacional para el desarrollo en México, 2008:
- Information found: t.p. (Citlali Ayala Martínez)
670 ## - SOURCE DATA FOUND
- Source citation: Fondos y redes globales, 2014:
- Information found: t.p. (Citlali Ayala Martínez) p. 66 (bib. ref.: Ayala, Citlali) front flap (prof.-researcher, Inst. de Investigaciones Dr. José María Luis Mora, Programa de Cooperación Internacional para el Desarrollo y Políticas Públicas; doctoral candidate in studies of development and international cooperation, Univ. del País Vasco)